000 00480nam a2200181Ia 4500
001 9918
005 20260306161753.0
008 260306t2018||||xx |||||||||||||| ||spa||
041 _aESP
082 _a808.5
_bS45
100 _aSevero Huertas, Juan José
_eAUT
245 0 _aLa narración oral artística y escénica:
_btécnicas y recursos para iniciarse
260 _c2018
300 _a125 páginas :
_c23 cm.
650 _aGEN
654 _aCHU
942 _cLIB
_dJUS
_fJUS
_2ddc
_n
999 _c9918
_d9918